Library Catalog

ACE, Marvel, spy : (Record no. 492962)

MARC details
000 -LEADER
fixed length control field 01535nam a22002177a 4500
003 - CONTROL NUMBER IDENTIFIER
control field OSt
005 - DATE AND TIME OF LATEST TRANSACTION
control field 20260602142954.0
008 - FIXED-LENGTH DATA ELEMENTS--GENERAL INFORMATION
fixed length control field 260602b |||||||| |||| 00| 0 eng d
020 ## - INTERNATIONAL STANDARD BOOK NUMBER
International Standard Book Number 9781400246748
040 ## - CATALOGING SOURCE
Original cataloging agency Kenya National Library Service
082 ## - DEWEY DECIMAL CLASSIFICATION NUMBER
Classification number 813.6 WAL
100 ## - MAIN ENTRY--PERSONAL NAME
Personal name Walsh, Jenni L.
Relator term Author
245 ## - TITLE STATEMENT
Title ACE, Marvel, spy :
Remainder of title a novel of Alice Marble /
Statement of responsibility, etc. Jenni L. Walsh.
300 ## - PHYSICAL DESCRIPTION
Extent 320 pages ;
Dimensions 21 cm.
520 ## - SUMMARY, ETC.
Summary, etc. Based on the life of a very real, little-known hero. Alice Marble has it all. Alice has worked her way up to be a #1 tennis champion, all while maintaining a growing career trajectory editing the Wonder Women comic. She enjoys her hard-earned success with her loving husband, her supportive coach, and her dear friends-many of whom are famous and well-connected. But her world soon falls apart. Alice's life begins to unravel when she receives a telegram informing her that her husband has been killed in action in the war in Germany. Heartbroken, she feels like she can only watch as the war wreaks havoc in every area of her life. Then an unexpected invitation arrives. Alice is prompted to action when the US Army sends her a request: Under the guise of playing in tennis exhibition games in Switzerland, she would be a spy for them. And Alice aches for nothing more than to avenge her husband's death.
650 ## - SUBJECT ADDED ENTRY--TOPICAL TERM
Topical term or geographic name entry element Biographical fiction.
650 ## - SUBJECT ADDED ENTRY--TOPICAL TERM
Topical term or geographic name entry element Women spies
Form subdivision United States
General subdivision Fiction.
942 ## - ADDED ENTRY ELEMENTS (KOHA)
Source of classification or shelving scheme Dewey Decimal Classification
Koha item type Books
Suppress in OPAC No
Holdings
Withdrawn status Source of classification or shelving scheme Damaged status Not for loan Home library Current library Date acquired Source of acquisition Cost, normal purchase price Total checkouts Full call number Barcode Date last seen Price effective from Koha item type
  Dewey Decimal Classification     Buru Buru Library Acquisition, Cataloguing, Classification and Distribution Development 06/02/2026 BAI 1424.00   813.6 WAL B232271 06/02/2026 06/02/2026 Books

© 2025, Kenya National Library Service | Designed & Maintained by Uvumbuzi Center